Solution Manual for Introduction to Fluid Mechanics (Record no. 2017)

MARC details
005 - DATE AND TIME OF LATEST TRANSACTION
control field 20250625132042.0
020 ## - INTERNATIONAL STANDARD BOOK NUMBER
International Standard Book Number 0-471-54992-4
082 ## - DEWEY DECIMAL CLASSIFICATION NUMBER
Classification number LM 620.106 FOX
100 ## - MAIN ENTRY--PERSONAL NAME
Author name FOX, R. W.
245 ## - TITLE STATEMENT
Title Solution Manual for Introduction to Fluid Mechanics
250 ## - EDITION STATEMENT
Edition statement 4th Ed.
260 ## - PUBLICATION, DISTRIBUTION, ETC.
Place of publication, distribution, etc. New York,
Name of publisher, distributor, etc. John Wiley & Sons, Inc,
Date of publication, distribution, etc. 1992.
300 ## - PHYSICAL DESCRIPTION
Extent 1667p.: ill.
Other physical details Index.
Dimensions 26cm.
700 ## - ADDED ENTRY--PERSONAL NAME
Other authors/Editors McDONALD, A. T.
942 ## - ADDED ENTRY ELEMENTS (KOHA)
Source of classification or shelving scheme Dewey Decimal Classification
Koha item type Books
Holdings
Date last seen Total checkouts Full call number Barcode Cost, replacement price Price effective from Koha item type Lost status Source of classification or shelving scheme Damaged status Not for loan Withdrawn status Home library Current library Shelving location Date acquired Cost, normal purchase price
05/06/2025   LM 620.106 FOX 0000007256 36000.00 05/06/2025 Books   Dewey Decimal Classification       College of Business Education Main Library College of Business Education Main Library General Collection 12/16/2002 12000.00
05/06/2025   LM 620.106 FOX 0000007257 36000.00 05/06/2025 Books   Dewey Decimal Classification       College of Business Education Main Library College of Business Education Main Library General Collection 12/16/2002 12000.00
05/06/2025   LM 620.106 FOX 0000007258 36000.00 05/06/2025 Books   Dewey Decimal Classification       College of Business Education Main Library College of Business Education Main Library General Collection 12/16/2002 12000.00
05/06/2025   LM 620.106 FOX 0000007259 36000.00 05/06/2025 Books   Dewey Decimal Classification       College of Business Education Main Library College of Business Education Main Library General Collection 12/16/2002 12000.00
05/06/2025   LM 620.106 FOX 0000007260 36000.00 05/06/2025 Books   Dewey Decimal Classification       College of Business Education Main Library College of Business Education Main Library General Collection 12/16/2002 12000.00